000 00580nam a2200169Ia 4500
999 _c22469
_d22469
003 OSt
005 20200515090741.0
008 190216s9999||||xx |||||||||||||| ||und||
040 _coclc
082 _a297.1
_bHUS/A
100 _aHusain, Syed Athar
_92281
245 0 _aAppreciation And Interpretation Of Religion In The Modern Age /
_cSyed Athar Husain
260 _bAcademy Of Islamic Research And Publication,
_c1982.
_aLucknow:
300 _a112p
650 0 _aHistory & geography
_vIslamic History
_92271
942 _cBK
_2ddc
_h297.1
_iHUS/A
_k297.1
_mHUS/A